000 00584nam a2200205Ia 4500
005 20250508165535.0
008 008 250505s9999 xx 000 0 eng d
020 _a978-81-7541-295-8
037 _aTextBook
040 _aFEDL
_beng
_cFEDL
041 _aeng
_2eng
084 _a378.54, SID/R
_qFEDL
100 _aSidana Jeewan Jyoti Ed.
_9781133
245 0 _aHigher education: Issues and concerns
260 _aNew Delhi, India
_bRenu Publishers
_c2016
300 _avii, 213p.
365 _aINR
_b650
942 _cTB
_h378.54, SID/R
999 _c1395743
_d1395743